Statistics for North Carolina State Head Basketball Coaches by Picture

Click here to take the quiz!

General Stats

  • This quiz has been taken 2 times
  • The average score is 3 of 14

Answer Stats

Answer% Correct
Herb Sendek
100%
Jim Valvano
100%
Kevin Keatts
50%
Norm Sloan
50%
Everett Case
0%
Gus Tebell
0%
Harry Hartsell
0%
Les Robinson
0%
Mark Gottfried
0%
Press Maravich
0%
Richard Crozier
0%
R. R. Sermon
0%
Sidney Lowe
0%
Tal Stafford
0%

Score Distribution

Percentile by Number Answered

Percent of People with Each Score

Your Score History

You have not taken this quiz